Islam, her moral and spiritual value : (Record no. 37128)
[ view plain ]
| 000 -LEADER | |
|---|---|
| fixed length control field | 00799nam a2200241 a 4500 |
| 001 - CONTROL NUMBER | |
| control field | 37128 |
| 003 - CONTROL NUMBER IDENTIFIER | |
| rucl marc code | BD-RjUL |
| 005 - DATE AND TIME OF LATEST TRANSACTION | |
| control field | 20211209052600.0 |
| 008 - FIXED-LENGTH DATA ELEMENTS--GENERAL INFORMATION | |
| fixed length control field | 021022s1909 enk 000 0 eng |
| 035 ## - SYSTEM CONTROL NUMBER | |
| System control number | (BD-RjUL)37230 |
| 040 ## - CATALOGING SOURCE | |
| Original cataloging agency | BD-RjUL |
| Language of cataloging | eng |
| Transcribing agency | BD-RjUL |
| Modifying agency | BD-RjUL |
| 041 ## - LANGUAGE CODE | |
| Language code of text/sound track or separate title | eng |
| 082 ## - DEWEY DECIMAL CLASSIFICATION NUMBER | |
| Edition number | 23 |
| Classification number | 297 |
| Author mark and year | LEI 1909 |
| 100 1# - MAIN ENTRY--PERSONAL NAME | |
| Personal name | Leonard, Arthur Glyn. |
| 9 (RLIN) | 223155 |
| 245 10 - TITLE STATEMENT | |
| Title | Islam, her moral and spiritual value : |
| Remainder of title | a rational and psychological study / |
| Statement of responsibility, etc. | by Arthur Glyn Leonard; with a foreword by Syed Ameer Ali. |
| 260 ## - PUBLICATION, DISTRIBUTION, ETC. (IMPRINT) | |
| Place of publication, distribution, etc. | London : |
| Name of publisher, distributor, etc. | Luzac & co., |
| Date of publication, distribution, etc. | 1909. |
| 300 ## - PHYSICAL DESCRIPTION | |
| Pagination | 160 p. ; |
| Size | 20 cm. |
| 650 #0 - SUBJECT ADDED ENTRY--TOPICAL TERM | |
| Topical term or geographic name as entry element | Islam |
| General subdivision | Essence, genius, nature. |
| 9 (RLIN) | 223156 |
| Topical term or geographic name as entry element | Islam |
| General subdivision | Psychology |
| 9 (RLIN) | 223158 |
| Topical term or geographic name as entry element | Islamic ethics |
| 9 (RLIN) | 223159 |
| 700 ## - ADDED ENTRY--PERSONAL NAME | |
| Personal name | Ali, Syed Ameer, foreworder |
| 942 ## - ADDED ENTRY ELEMENTS (KOHA) | |
| Source of classification or shelving scheme | Dewey Decimal Classification |
| Koha item type | Rare Books |
| Lost status | Source of classification or shelving scheme | Damaged status | Not for loan | Collection code | Permanent Location | Current Location | Shelving location | Date acquired | Source of acquisition | Cost, normal purchase price | Total Checkouts | Full call number | Date last seen | Copy number | Koha item type |
|---|---|---|---|---|---|---|---|---|---|---|---|---|---|---|---|
| Dewey Decimal Classification | Not For Loan | Rare Books | Central Library, University of Rajshahi | Central Library, University of Rajshahi | Rare Book Section | 17/11/1966 | A. I. Qureshi | 14.40 | RA 297 LEI 1909 | 01/10/2018 | C-1 | Rare Books |